Developing reading skills: a practical guide to reading comprehension exercises / (Record no. 484280)

000 -LEADER
fixed length control field 00871 a2200181 4500
003 - CONTROL NUMBER IDENTIFIER
control field NUST
005 - DATE AND TIME OF LATEST TRANSACTION
control field 20230125131206.0
020 ## - INTERNATIONAL STANDARD BOOK NUMBER
International Standard Book Number 0521706785
040 ## - CATALOGING SOURCE
Original cataloging agency DLC
Language of cataloging DLC
082 ## - DEWEY DECIMAL CLASSIFICATION NUMBER
Classification number 428.24,GRE
100 ## - MAIN ENTRY--PERSONAL NAME
Personal name Grellet, Francoise.
9 (RLIN) 314
245 ## - TITLE STATEMENT
Title Developing reading skills: a practical guide to reading comprehension exercises /
Statement of responsibility, etc. Francoise Grellet
260 ## - PUBLICATION, DISTRIBUTION, ETC.
Place of publication, distribution, etc. New York :
Name of publisher, distributor, etc. Cambridge University Press,
Date of publication, distribution, etc. c1981.
300 ## - PHYSICAL DESCRIPTION
Extent 252 p. :
Other physical details ill. ;
Dimensions 21 cm.
505 ## - FORMATTED CONTENTS NOTE
Formatted contents note To the reader (Page-2), Introduction (Page-2), Reading and reading comprehension (Page-3), Reading comprehension exercise types (Page-12), Reading techniques (Page-28), How the aim is conveyed (Page-90), Understanding meaning (Page-130), Assessing the text (Page-239).
650 ## - SUBJECT ADDED ENTRY--TOPICAL TERM
Topical term or geographic name entry element 1.English language--Study and teaching--Foreign speakers. 2.Reading comprehension.
9 (RLIN) 614
942 ## - ADDED ENTRY ELEMENTS (KOHA)
Koha item type Book
Source of classification or shelving scheme
Call number prefix 428.24,GRE
Holdings
Withdrawn status Lost status Source of classification or shelving scheme Damaged status Not for loan Permanent Location Current Location Shelving location Date acquired Total Checkouts Full call number Barcode Date last seen Price effective from Koha item type Public note
          Military College of Signals (MCS) Military College of Signals (MCS) General Stacks 01/25/2023   428.24,GRE MCS33536 01/25/2023 01/25/2023 Book Almirah No. 54, Shelf No. 6
          Military College of Signals (MCS) Military College of Signals (MCS) General Stacks 01/25/2023   428.24,GRE MCS33537 01/25/2023 01/25/2023 Book Almirah No. 54, Shelf No. 6
© 2023 Central Library, National University of Sciences and Technology. All Rights Reserved.